00870 2200265 4500001002100000005001500021035002000036007000300056008004100059020002200100082001200122084001800134100002500152245013100177250001000308260004300318300002800361500008500389650003500474700002600509700002100535504002600556990001100582990001100593INLIS00000000000678020210302021856 a0010-0321000150ta210302 g 0 ind  a978-602-1683-37-8 a297.913 a297.913 ABD s0 aABDUL, Hamid Thahmuz1 aSayidah 'Aisyah :bIbu dan Guru Ummat Muslim /cAbdul Hamid Thahmuz; penerjemah, Achmad Zaeni Dachlan; editor, Ahmad Hamdan Q. acet.2 aSukmajaya :bFathan Media Prima,c2018 axiv, 208 hal. ;c24 cm. aJudul asli : Sayidah 'Aisyah: Ummul Mukminin wa 'Aalimatu Nisaa il Islam 7--58 H 4aISLAM. ISTRI NABI MUHAMMAD SAW0 aACHMAD, Zaeni Dachlan0 aAHMAD, Hamdan Q. aBibliografi : 205-208 a7968 a a7968 b